Reactivación de equipos de laboratorio del taller automotriz de la F.T.I.

Este documento esta basado en la reactivación de los equipos del laboratorio automotriz de la facultad de Tecnología de la Industria, reactivar los siguientes equipos: banco de ensayo para comprobar equipos neumáticos de camiones, torno para cilindrar colectores y fresar ranuras entre delgas, ban...

Full description

Bibliographic Details
Main Authors: Tijerino Marín, Cinthya, Nicaragua Rojas, María
Other Authors: Tutor: Barrios González, Abelardo
Format: Tesis Section = Libro
Language:Undetermined
Spanish
Published: Managua UNI 1998
Subjects:
LEADER 01275nam a2200253Ia 4500
008 240830s9999 xx 000 0 und d
040 |a BIBLIOTECA-RUPAP MON 620.0046 T551 
041 |a spa 
082 |a MON 620.0046 T551 
100 1 |a Tijerino Marín, Cinthya 
100 1 |b Nicaragua Rojas, María 
245 1 0 |a Reactivación de equipos de laboratorio del taller automotriz de la F.T.I. 
260 |a Managua  |b UNI  |c 1998 
300 |a 133 p. :il. 
500 |a Contiene: dibujos, fotos, gráficos y tablas 
502 |a Tesis (Ingeniero Mecánico)- UNI, 1998. 
520 3 |a Este documento esta basado en la reactivación de los equipos del laboratorio automotriz de la facultad de Tecnología de la Industria, reactivar los siguientes equipos: banco de ensayo para comprobar equipos neumáticos de camiones, torno para cilindrar colectores y fresar ranuras entre delgas, banco de ensayo para comprobar bombas, filtros de aceite y válvulas de tractores. Elaborar el plan de mantenimiento preventivo de cada uno de los equipos. Elaborar las guías de laboratorio. 
650 7 |a REPARACION 
650 7 |b MANTENIMIENTO-EQUIPOS 
650 7 |c TALLERES MECANICOS-FT 
700 1 |a Tutor:  |b Barrios González, Abelardo 
942 |c BK  |2 ddc 
991 |a TESIS 
999 |c 15684